[Event "Mumbai Wealth op 3rd"]
[Site "Mumbai"]
[Date "2018.01.04"]
[Round "6"]
[White "Harshad, S."]
[Black "Chakravarthi, YVK"]
[Result "1/2-1/2"]
[WhiteElo "1720"]
[BlackElo "2122"]
[PlyCount "81"]
[EventDate "2017.12.30"]
[EventType "swiss"]
[EventRounds "9"]
[EventCountry "IND"]
[SourceTitle "CBM 182 Extra"]
[Source "ChessBase"]
[SourceDate "2018.02.23"]
[SourceVersion "1"]
[SourceVersionDate "2018.02.23"]
[SourceQuality "1"]

1. e4 e5 2. Nf3 Nc6 3. Bc4 Nf6 4. Nc3 Be7 5. d4 exd4 6. Nxd4 0-0 7. 0-0 Ne5 8. Be2 c5 9. Nf5 d6 10. Nxe7+ Qxe7 11. Bg5 Qe6 12. Bxf6 Qxf6 13. Nd5 Qd8 14. f4 Nc6 15. c3 f5 16. exf5 Bxf5 17. Bf3 Kh8 18. Qd2 Qd7 19. Rad1 Rad8 20. Qf2 Be6 21. g3 Rfe8 22. Rfe1 Bxd5 23. Bxd5 Rxe1+ 24. Rxe1 Re8 25. Rxe8+ Qxe8 26. Kf1 Ne7 27. Qe2 Qd7 28. Qe6 Qxe6 29. Bxe6 g6 30. Ke2 Kg7 31. Kd3 Kf6 32. Bh3 h6 33. Bg2 b5 34. Bb7 a5 35. a4 bxa4 36. Kc4 g5 37. fxg5+ hxg5 38. Bf3 Ke5 39. h4 Nf5 40. hxg5 Nxg3 41. Kb5 1/2-1/2

[Event "Mumbai Wealth op 3rd"]
[Site "Mumbai"]
[Date "2018.01.02"]
[Round "4"]
[White "Sai, Kiran Y"]
[Black "Chakravarthi, YVK"]
[Result "1/2-1/2"]
[WhiteElo "1743"]
[BlackElo "2122"]
[PlyCount "96"]
[EventDate "2017.12.30"]
[EventType "swiss"]
[EventRounds "9"]
[EventCountry "IND"]
[SourceTitle "CBM 182 Extra"]
[Source "ChessBase"]
[SourceDate "2018.02.23"]
[SourceVersion "1"]
[SourceVersionDate "2018.02.23"]
[SourceQuality "1"]

1. e4 e5 2. Nf3 Nc6 3. Bc4 Nf6 4. Ng5 d5 5. exd5 Na5 6. Bb5+ c6 7. dxc6 bxc6 8. Qf3 Be7 9. Nc3 Bg4 10. Bxc6+ Kf8 11. Bxa8 Bxf3 12. Bxf3 Nd7 13. Nge4 h5 14. Nd5 f5 15. Nxe7 Qxe7 16. Nc3 e4 17. Be2 Nc6 18. 0-0 Nd4 19. Bd1 Ne5 20. d3 Ndf3+ 21. gxf3 exf3 22. Bf4 Qh4 23. Bxe5 Qh3 24. Bxf3 Qxf3 25. Rae1 Rh6 26. Re3 Rg6+ 27. Bg3 Qc6 28. Ne2 h4 29. Nf4 Rh6 30. Rfe1 hxg3 31. Re8+ Qxe8 32. Rxe8+ Kxe8 33. hxg3 Rb6 34. b3 Ra6 35. Nd5 Rxa2 36. Ne3 Kf7 37. f4 Ke6 38. Kf2 g6 39. Kf3 Ra1 40. g4 Rh1 41. gxf5+ gxf5 42. d4 Rh2 43. d5+ Kf6 44. Kg3 Rd2 45. Kf3 Rh2 46. Kg3 Re2 47. Kf3 Rd2 48. Kg3 a6 1/2-1/2

[Event "Bhopal op"]
[Site "Bhopal"]
[Date "2017.12.23"]
[Round "4"]
[White "Chakravarthi, YVK"]
[Black "Erigaisi, Arjun Kumar"]
[Result "0-1"]
[WhiteElo "2122"]
[BlackElo "2359"]
[PlyCount "122"]
[EventDate "2017.12.21"]
[EventType "swiss"]
[EventRounds "10"]
[EventCountry "IND"]
[SourceTitle "CBM 182 Extra"]
[Source "ChessBase"]
[SourceDate "2018.02.23"]
[SourceVersion "1"]
[SourceVersionDate "2018.02.23"]
[SourceQuality "1"]

1. d4 Nf6 2. Bf4 c5 3. e3 Nd5 4. Bg3 Qb6 5. b3 e6 6. Nf3 cxd4 7. Qxd4 Qa5+ 8. c3 Nc6 9. Qd2 Nf6 10. Bd3 d5 11. 0-0 Bd7 12. a4 Be7 13. Na3 0-0 14. Nb5 Qd8 15. Rfd1 Nh5 16. Bc7 Qc8 17. Bd6 Bxd6 18. Nxd6 Qb8 19. Nb5 a6 20. Na3 Nf6 21. c4 Qa7 22. cxd5 Nxd5 23. e4 Ndb4 24. Bc4 Rfd8 25. h3 Qb6 26. Qe2 Na5 27. Ne5 Be8 28. Rxd8 Rxd8 29. Rd1 h6 30. Rd2 Rc8 31. Qd1 Qc7 32. Ng4 Bc6 33. Ne3 Bxe4 34. Rd7 Qc5 35. Qg4 Nxc4 36. Naxc4 Bc6 37. Rd1 Nd5 38. Kh2 b5 39. Nxd5 Bxd5 40. axb5 axb5 41. Ne3 Bxb3 42. Rd7 Qe5+ 43. g3 Bc4 44. Qf3 Qf6 45. Qxf6 gxf6 46. Rb7 Be2 47. g4 Rc3 48. Kg3 Rb3 49. Kf4 b4 50. h4 Rb1 51. Nc2 b3 52. Nd4 e5+ 53. Ke3 exd4+ 54. Kxe2 b2 55. Kd2 Rf1 56. Rxb2 Rxf2+ 57. Kc1 Rxb2 58. Kxb2 h5 59. gxh5 f5 60. Kc2 f4 61. Kd3 f3 0-1

[Event "Bhopal op"]
[Site "Bhopal"]
[Date "2017.12.22"]
[Round "3"]
[White "Yeoh, Li Tian"]
[Black "Chakravarthi, YVK"]
[Result "1/2-1/2"]
[WhiteElo "2480"]
[BlackElo "2122"]
[PlyCount "84"]
[EventDate "2017.12.21"]
[EventType "swiss"]
[EventRounds "10"]
[EventCountry "IND"]
[SourceTitle "CBM 182 Extra"]
[Source "ChessBase"]
[SourceDate "2018.02.23"]
[SourceVersion "1"]
[SourceVersionDate "2018.02.23"]
[SourceQuality "1"]

1. Nf3 d5 2. g3 Bg4 3. Bg2 Nd7 4. h3 Bh5 5. 0-0 e6 6. d3 Ngf6 7. Nbd2 Bc5 8. b3 0-0 9. Bb2 Qe7 10. a3 a5 11. e4 dxe4 12. dxe4 Rfd8 13. Qe1 Nf8 14. Nc4 a4 15. b4 Ba7 16. Kh1 c5 17. b5 N8d7 18. Nfd2 e5 19. f4 exf4 20. gxf4 Nb6 21. Qh4 Nxc4 22. Nxc4 Be2 23. Ne3 Bxf1 24. Rxf1 Rd4 25. Nf5 Qe6 26. Qg5 Ne8 27. Bxd4 cxd4 28. e5 Rb8 29. Be4 Bc5 30. Qh4 h6 31. Rf3 Kh8 32. Rg3 Bf8 33. Bd3 Bxa3 34. Kh2 Bf8 35. Rg1 a3 36. Nxd4 Qd5 37. Nb3 Bb4 38. Qh5 Bc3 39. Qf5 Kg8 40. Be4 Qxb5 41. Bd3 Qd5 42. Be4 Qe6 1/2-1/2

[Event "Puchong FF11 IM"]
[Site "Puchong"]
[Date "2017.11.08"]
[Round "9"]
[White "Wong, Yinn Long"]
[Black "Chakravarthi, YVK"]
[Result "1-0"]
[WhiteElo "2198"]
[BlackElo "2148"]
[PlyCount "79"]
[EventDate "2017.11.04"]
[EventType "tourn"]
[EventRounds "9"]
[EventCountry "MAS"]
[SourceTitle "CBM 181 Extra"]
[Source "ChessBase"]
[SourceDate "2017.12.12"]
[SourceVersion "1"]
[SourceVersionDate "2017.12.12"]
[SourceQuality "1"]

1. e4 e5 2. Nf3 Nc6 3. d4 exd4 4. Nxd4 Nf6 5. Nxc6 bxc6 6. e5 Qe7 7. Qe2 Nd5 8. c4 Nb6 9. Nc3 Bb7 10. Bd2 0-0-0 11. 0-0-0 Re8 12. f4 f6 13. exf6 Qf7 14. Qf2 gxf6 15. Bd3 f5 16. Rhe1 Bg7 17. Qc5 d5 18. cxd5 cxd5 19. Qa5 Kb8 20. Nb5 a6 21. Nc3 Ka7 22. Kb1 Rxe1 23. Rxe1 Re8 24. Rxe8 Qxe8 25. Nb5+ Kb8 26. Nd6 Qh5 27. Kc2 Qg6 28. Nxb7 Kxb7 29. Bxa6+ Kb8 30. Qc5 Bxb2 31. a4 Qe6 32. a5 Bf6 33. axb6 cxb6 34. Qf8+ Kc7 35. Bd3 d4 36. Qa8 Be7 37. Qa7+ Kc6 38. Qa4+ Kb7 39. Qxd4 Bc5 40. Qc4 1-0

[Event "Puchong FF11 IM"]
[Site "Puchong"]
[Date "2017.11.07"]
[Round "8"]
[White "Chakravarthi, YVK"]
[Black "Looi, Xin Hao"]
[Result "0-1"]
[WhiteElo "2148"]
[BlackElo "2083"]
[PlyCount "100"]
[EventDate "2017.11.04"]
[EventType "tourn"]
[EventRounds "9"]
[EventCountry "MAS"]
[SourceTitle "CBM 181 Extra"]
[Source "ChessBase"]
[SourceDate "2017.12.12"]
[SourceVersion "1"]
[SourceVersionDate "2017.12.12"]
[SourceQuality "1"]

1. d4 Nf6 2. Bf4 e6 3. e3 c5 4. c3 b6 5. Nd2 Bb7 6. h3 cxd4 7. exd4 Be7 8. Ngf3 0-0 9. Bd3 d6 10. Qe2 Re8 11. Bb5 Bc6 12. 0-0 Bxb5 13. Qxb5 a6 14. Qb3 Qc7 15. Rfe1 Nbd7 16. Re2 Qc6 17. Rae1 Bf8 18. Nf1 b5 19. Ne3 Nb6 20. Bg5 Nfd5 21. Nxd5 Nxd5 22. Nh2 h6 23. Bc1 Qc4 24. Nf1 Nf6 25. Ne3 Qxb3 26. axb3 d5 27. b4 a5 28. bxa5 Rxa5 29. Ng4 Nxg4 30. hxg4 Rc8 31. b4 Ra6 32. Bb2 Bd6 33. g3 g5 34. Kg2 Kg7 35. Kf3 Ra2 36. Kg2 Kf6 37. Kg1 Re8 38. Kh1 Re7 39. Kg1 e5 40. dxe5+ Rxe5 41. Rxe5 Bxe5 42. Rb1 Kg6 43. Kg2 f6 44. Kg1 f5 45. gxf5+ Kxf5 46. Kg2 g4 47. Kf1 Bf6 48. Ke1 Rxb2 49. Rxb2 Bxc3+ 50. Rd2 Ke4 0-1

[Event "Puchong FF11 IM"]
[Site "Puchong"]
[Date "2017.11.05"]
[Round "3"]
[White "Chakravarthi, YVK"]
[Black "Raja, Rithvik R"]
[Result "1/2-1/2"]
[WhiteElo "2148"]
[BlackElo "2241"]
[PlyCount "132"]
[EventDate "2017.11.04"]
[EventType "tourn"]
[EventRounds "9"]
[EventCountry "MAS"]
[SourceTitle "CBM 181 Extra"]
[Source "ChessBase"]
[SourceDate "2017.12.12"]
[SourceVersion "1"]
[SourceVersionDate "2017.12.12"]
[SourceQuality "1"]

1. c4 c5 2. g3 Nc6 3. Bg2 g6 4. Nc3 Bg7 5. Nf3 e6 6. d3 Nge7 7. Bg5 h6 8. Bd2 d5 9. Qc1 b6 10. Rb1 Bb7 11. 0-0 Rc8 12. a3 Qd7 13. Rd1 Nd4 14. b3 g5 15. Ne1 0-0 16. e3 Ndc6 17. Ne2 Rfd8 18. Bc3 e5 19. e4 dxe4 20. dxe4 Qxd1 21. Qxd1 Rxd1 22. Rxd1 Nd4 23. Nc1 a5 24. a4 Rd8 25. Kf1 Nc8 26. g4 Rd6 27. f3 Ne7 28. Nc2 Rf6 29. Bxd4 exd4 30. Kg1 Ng6 31. Nd3 Re6 32. Nce1 Bf8 33. Nc1 Bd6 34. Ned3 h5 35. h3 Nh4 36. Kf2 Rh6 37. Rh1 Re6 38. Rd1 Re8 39. Ne2 f5 40. gxf5 g4 41. hxg4 hxg4 42. Rg1 Kf7 43. Rh1 Nxg2 44. Rh7+ Kg8 45. Rxb7 gxf3 46. Rxb6 Rxe4 47. Rxd6 Rxe2+ 48. Kxf3 Re3+ 49. Kxg2 Rxd3 50. Rd5 Rxb3 51. Rxc5 Rc3 52. Rxa5 Rxc4 53. Kf3 d3 54. Ke3 Rd4 55. Kd2 Kf7 56. Ra6 Rd5 57. f6 Rd4 58. a5 Rd5 59. Ra8 Kxf6 60. a6 Kg7 61. Ra7+ Kf6 62. Rh7 Rd8 63. a7 Ke6 64. Rg7 Kd6 65. Kxd3 Kc6+ 66. Kc4 Kb6 1/2-1/2

[Event "Puchong FF11 IM"]
[Site "Puchong"]
[Date "2017.11.04"]
[Round "1"]
[White "Chakravarthi, YVK"]
[Black "Lye, Lik Zang"]
[Result "1/2-1/2"]
[WhiteElo "2148"]
[BlackElo "2128"]
[PlyCount "124"]
[EventDate "2017.11.04"]
[EventType "tourn"]
[EventRounds "9"]
[EventCountry "MAS"]
[SourceTitle "CBM 181 Extra"]
[Source "ChessBase"]
[SourceDate "2017.12.12"]
[SourceVersion "1"]
[SourceVersionDate "2017.12.12"]
[SourceQuality "1"]

1. d4 d5 2. Bf4 Nf6 3. e3 Bf5 4. c4 Nc6 5. Nc3 e6 6. Be2 Bb4 7. a3 Bxc3+ 8. bxc3 0-0 9. Nf3 Ne4 10. Rc1 Qe7 11. Qa4 a6 12. c5 g5 13. Bg3 h5 14. h3 Nxg3 15. fxg3 e5 16. dxe5 Nxe5 17. Nxe5 Qxe5 18. Kf2 Rae8 19. Qd4 h4 20. gxh4 gxh4 21. Qxe5 Rxe5 22. Bf3 Rfe8 23. Rhe1 Bd3 24. Rcd1 Be4 25. Rd4 b6 26. cxb6 cxb6 27. c4 dxc4 28. Rxc4 b5 29. Rd4 Kg7 30. a4 f5 31. axb5 axb5 32. Rb4 Rc8 33. Re2 Rc4 34. Reb2 Kf6 35. Be2 Rc3 36. Rxb5 Rxb5 37. Bxb5 Kg5 38. Be2 Rc2 39. Rxc2 Bxc2 40. g3 Be4 41. Bf3 Bd3 42. Bc6 Bc2 43. Bb7 Bd3 44. Bd5 Bc2 45. Bc6 Bd3 46. Kf3 Bf1 47. gxh4+ Kxh4 48. Kf4 Bxh3 49. Be8 Bg2 50. Kxf5 Kg3 51. Bh5 Bc6 52. Bd1 Bb7 53. Ke5 Bc6 54. Kd4 Kh4 55. Bb3 Kg5 56. Ke5 Bf3 57. Bc2 Bg2 58. Be4 Bf1 59. Bc2 Bg2 60. Bb3 Bf3 61. Bd5 Be2 62. Ke6 Bd3 1/2-1/2

[Event "Puchong FF11 IM"]
[Site "Puchong"]
[Date "2017.11.04"]
[Round "2"]
[White "Setyaki, Azarya Jodi"]
[Black "Chakravarthi, YVK"]
[Result "1-0"]
[WhiteElo "2345"]
[BlackElo "2148"]
[PlyCount "83"]
[EventDate "2017.11.04"]
[EventType "tourn"]
[EventRounds "9"]
[EventCountry "MAS"]
[SourceTitle "CBM 181 Extra"]
[Source "ChessBase"]
[SourceDate "2017.12.12"]
[SourceVersion "1"]
[SourceVersionDate "2017.12.12"]
[SourceQuality "1"]

1. e4 e5 2. Nf3 Nc6 3. Bb5 a6 4. Ba4 Nf6 5. d3 d6 6. c4 g6 7. Nc3 Bg7 8. Nd5 0-0 9. Bg5 Be6 10. 0-0 Rb8 11. Qd2 b5 12. Bb3 bxc4 13. Bxc4 Bxd5 14. Bxd5 Qd7 15. Bb3 Nd4 16. Nxd4 exd4 17. Rac1 c5 18. h3 Kh8 19. f4 Ng8 20. f5 f6 21. Bf4 g5 22. Bg3 Nh6 23. Qa5 Qc6 24. Rf2 Qb6 25. Qa4 Rfd8 26. Qc4 Qb5 27. Rd2 Qxc4 28. Rxc4 Ng8 29. Ra4 Rb6 30. Bc4 Ra8 31. b4 Ne7 32. bxc5 dxc5 33. Ra5 Nc6 34. Rxc5 Bf8 35. Rd5 a5 36. Rb5 Rxb5 37. Bxb5 Nb4 38. Bf2 Bc5 39. a3 Na6 40. Rc2 Bxa3 41. Bxd4 Kg7 42. Rc6 1-0

[Event "Barcelona Sant Marti op-A 19th"]
[Site "Barcelona"]
[Date "2017.07.20"]
[Round "8"]
[White "Chakravarthi, YVK"]
[Black "Miranda Llanes, Yerisbel"]
[Result "1/2-1/2"]
[WhiteElo "2006"]
[BlackElo "2285"]
[PlyCount "55"]
[EventDate "2017.07.13"]
[EventType "swiss"]
[EventRounds "9"]
[EventCountry "ESP"]
[SourceTitle "EXT 2018"]
[Source "ChessBase"]
[SourceDate "2017.10.13"]
[SourceVersion "1"]
[SourceVersionDate "2017.10.13"]
[SourceQuality "1"]

1. d4 d5 2. Bf4 Nf6 3. e3 c5 4. c3 Nc6 5. Nd2 cxd4 6. exd4 Qb6 7. Qb3 Qxb3 8. axb3 Nh5 9. Be3 g6 10. Be2 Nf6 11. b4 b6 12. Ngf3 e6 13. Bf4 Nd7 14. 0-0 Bb7 15. Ra2 f6 16. Bb5 g5 17. Bg3 h5 18. h4 g4 19. Ne1 Bh6 20. Nb3 Ke7 21. Nc2 a6 22. Bd3 f5 23. f4 b5 24. Be1 Kf7 25. g3 Bf8 26. Bd2 Bd6 27. Rfa1 Rhc8 28. Kh2 1/2-1/2

[Event "Barcelona Sant Marti op-A 19th"]
[Site "Barcelona"]
[Date "2017.07.19"]
[Round "7"]
[White "Sanchez Jerez, Emilio Miguel"]
[Black "Chakravarthi, YVK"]
[Result "0-1"]
[WhiteElo "2216"]
[BlackElo "2006"]
[PlyCount "60"]
[EventDate "2017.07.13"]
[EventType "swiss"]
[EventRounds "9"]
[EventCountry "ESP"]
[SourceTitle "EXT 2018"]
[Source "ChessBase"]
[SourceDate "2017.10.13"]
[SourceVersion "1"]
[SourceVersionDate "2017.10.13"]
[SourceQuality "1"]

1. b3 d5 2. Bb2 c6 3. e3 Bf5 4. g4 Bc8 5. Nf3 h6 6. Rg1 Nf6 7. Ne5 g6 8. h4 Bg7 9. g5 hxg5 10. hxg5 Nh5 11. Qc1 Qc7 12. f4 Bf5 13. d3 Nd7 14. Nxd7 Bxd7 15. Nd2 e5 16. Nf3 exf4 17. Bxg7 Nxg7 18. exf4 0-0-0 19. d4 Ne6 20. f5 gxf5 21. c3 Nf4 22. Ne5 Ng6 23. Nxf7 Rde8+ 24. Kd1 Rh2 25. Rb1 Re7 26. Nh6 Nh4 27. Bd3 Nf3 28. Nxf5 Bxf5 29. Bxf5+ Kb8 30. Rf1 Qg3 0-1

[Event "Barcelona Sant Marti op-A 19th"]
[Site "Barcelona"]
[Date "2017.07.17"]
[Round "5"]
[White "Neffe, Axel"]
[Black "Chakravarthi, YVK"]
[Result "1-0"]
[WhiteElo "2257"]
[BlackElo "2006"]
[PlyCount "129"]
[EventDate "2017.07.13"]
[EventType "swiss"]
[EventRounds "9"]
[EventCountry "ESP"]
[SourceTitle "EXT 2018"]
[Source "ChessBase"]
[SourceDate "2017.10.13"]
[SourceVersion "1"]
[SourceVersionDate "2017.10.13"]
[SourceQuality "1"]

1. e4 e5 2. Nf3 Nc6 3. Bb5 a6 4. Ba4 Nf6 5. 0-0 Be7 6. Re1 b5 7. Bb3 d6 8. c3 0-0 9. h3 Nb8 10. d4 Nbd7 11. Nbd2 Bb7 12. Bc2 Re8 13. Nf1 Bf8 14. Ng3 g6 15. a4 c5 16. d5 c4 17. Bg5 h6 18. Be3 Nc5 19. Ra3 Nfd7 20. Qd2 Kh7 21. Nh2 Nb6 22. Ng4 Bc8 23. Nxh6 Bxh6 24. Bxh6 Nbxa4 25. Ra2 Ra7 26. Be3 Rb7 27. f4 f6 28. fxe5 fxe5 29. Bg5 Qb6 30. Qf2 Nd3 31. Qxb6 Rxb6 32. Bxd3 cxd3 33. Rd1 a5 34. Rxd3 Nc5 35. Be3 Nxd3 36. Bxb6 a4 37. Bc7 Rf8 38. Bxd6 Rf2 39. c4 Rxb2 40. Rxb2 Nxb2 41. cxb5 Nc4 42. Bb4 Bd7 43. Nf1 Bxb5 44. Bc3 Kg7 45. Kf2 Kf6 46. Ne3 Nxe3 47. Kxe3 Bf1 48. Kf3 a3 49. h4 Bd3 50. g4 g5 51. hxg5+ Kxg5 52. Bxe5 Bc2 53. Bf4+ Kh4 54. Bc1 a2 55. Bb2 Kg5 56. e5 Bd1+ 57. Ke4 Bc2+ 58. Kd4 Kxg4 59. Kc5 Kf5 60. e6 Ba4 61. Kd6 Bb3 62. e7 Ba4 63. Kc7 Bb5 64. Kd8 Ke4 65. d6 1-0

[Event "PRO League Stage"]
[Site "Chess.com INT"]
[Date "2017.02.15"]
[Round "6"]
[White "Chakravarthi, YVK"]
[Black "Pon, Matt"]
[Result "1-0"]
[WhiteElo "2047"]
[BlackElo "2165"]
[PlyCount "121"]
[EventDate "2017.01.11"]
[EventType "team-swiss (rapid)"]
[EventRounds "7"]
[EventCountry "USA"]
[SourceTitle "CBM 176 Extra"]
[Source "ChessBase"]
[SourceDate "2017.03.02"]
[SourceVersion "1"]
[SourceVersionDate "2017.03.02"]
[SourceQuality "1"]
[WhiteTeam "Amaravati Yodhas"]
[BlackTeam "Johannesburg Koeksisters"]
[WhiteTeamCountry "IND"]
[BlackTeamCountry "RSA"]

1. d4 Nf6 2. Bf4 g6 3. e3 Bg7 4. Nf3 d6 5. Be2 0-0 6. 0-0 Nbd7 7. h3 Nh5 8. Bg5 h6 9. Bh4 g5 10. Ne1 Nhf6 11. Bg3 Ne4 12. Bh2 f5 13. Bd3 Qe8 14. f3 Nef6 15. Bxf5 e6 16. Bd3 Nd5 17. Qe2 Qh5 18. a3 e5 19. Bc4 c6 20. e4 N7b6 21. exd5 cxd5 22. Bd3 Bd7 23. dxe5 dxe5 24. Nd2 Rae8 25. Bb5 Re7 26. Bxd7 Rxd7 27. Nd3 e4 28. Nc5 Bd4+ 29. Kh1 Bxc5 30. Qb5 Be3 31. Nxe4 dxe4 32. Qb3+ Rdf7 33. Qxe3 exf3 34. Rf2 fxg2+ 35. Rxg2 Nd5 36. Qe6 Nf6 37. Rf1 Re8 38. Qb3 Kg7 39. Rgf2 Qg6 40. Kg1 Qe4 41. Qc3 Kg6 42. Rxf6+ Rxf6 43. Qxf6+ Kh5 44. Bg3 Qe3+ 45. Kh2 Qe6 46. Qf3+ Kg6 47. Qxb7 Re7 48. Qf3 h5 49. Re1 Qd7 50. Qd3+ Qxd3 51. cxd3 Rd7 52. Rd1 Kf5 53. d4 Rb7 54. b4 Ke4 55. d5 Rd7 56. d6 h4 57. Bf2 Kf3 58. Bxa7 g4 59. hxg4 Kxg4 60. Bc5 Kf4 61. a4 1-0

[Event "PRO League Stage"]
[Site "Chess.com INT"]
[Date "2017.02.11"]
[Round "5"]
[White "Chakravarthi, YVK"]
[Black "Giannatos, Peter"]
[Result "0-1"]
[WhiteElo "2047"]
[BlackElo "2284"]
[PlyCount "146"]
[EventDate "2017.01.11"]
[EventType "team-swiss (rapid)"]
[EventRounds "7"]
[EventCountry "USA"]
[SourceTitle "CBM 176 Extra"]
[Source "ChessBase"]
[SourceDate "2017.03.02"]
[SourceVersion "1"]
[SourceVersionDate "2017.03.02"]
[SourceQuality "1"]
[WhiteTeam "Amaravati Yodhas"]
[BlackTeam "Carolina Cobras"]
[WhiteTeamCountry "IND"]
[BlackTeamCountry "USA"]

1. d4 e6 2. Bf4 d5 3. e3 Bd6 4. Bxd6 cxd6 5. c3 Nf6 6. Nd2 0-0 7. Bd3 b6 8. f4 Ba6 9. Bxa6 Nxa6 10. Ngf3 b5 11. Qe2 Nc7 12. 0-0 a5 13. Ne1 Qb8 14. Nd3 b4 15. g4 Qb5 16. Rf2 Nxg4 17. Rg2 f5 18. h3 Nf6 19. Kh2 Rf7 20. Rag1 Nce8 21. Nf3 Ne4 22. Ng5 Nxg5 23. fxg5 g6 24. Qd2 bxc3 25. Qxc3 Rc7 26. Qa3 Rac8 27. Nf4 Kf7 28. h4 Rc2 29. Nd3 Qc4 30. Ne1 Rxg2+ 31. Rxg2 Qb4 32. Qxb4 axb4 33. Nd3 Rb8 34. b3 Ke7 35. Rc2 Kd7 36. Kg3 Nc7 37. h5 Nb5 38. hxg6 hxg6 39. Rh2 Nc3 40. Rh7+ Kc6 41. Re7 Ne4+ 42. Kf4 Rh8 43. Nxb4+ Kb5 44. Rb7+ Ka5 45. a3 Rh4+ 46. Kf3 Nxg5+ 47. Kg3 Rh3+ 48. Kg2 Rxe3 49. a4 Rxb3 50. Nc6+ Kxa4 51. Ra7+ Kb5 52. Rb7+ Kxc6 53. Rxb3 e5 54. Rg3 Ne6 55. dxe5 Nf4+ 56. Kf3 dxe5 57. Rg1 d4 58. Rc1+ Kd5 59. Rc8 Ne6 60. Rg8 g5 61. Rg6 g4+ 62. Kf2 d3 63. Ke3 e4 64. Rg8 f4+ 65. Kd2 g3 66. Rg4 Kd4 67. Rg6 e3+ 68. Kd1 Nc5 69. Rd6+ Ke4 70. Rc6 g2 71. Rg6 Kf3 72. Rg5 Ne4 73. Rg7 e2+ 0-1

[Event "PRO League Eastern"]
[Site "Chess.com INT"]
[Date "2017.02.01"]
[Round "4"]
[White "Chakravarthi, YVK"]
[Black "Reimanis, Ritvars"]
[Result "0-1"]
[WhiteElo "2047"]
[BlackElo "2264"]
[PlyCount "92"]
[EventDate "2017.01.11"]
[EventType "team-swiss (rapid)"]
[EventRounds "7"]
[EventCountry "USA"]
[SourceTitle "CBM 176 Extra"]
[Source "ChessBase"]
[SourceDate "2017.03.02"]
[SourceVersion "1"]
[SourceVersionDate "2017.03.02"]
[SourceQuality "1"]
[WhiteTeam "Amaravati Yodhas"]
[BlackTeam "Riga Magicians"]
[WhiteTeamCountry "IND"]
[BlackTeamCountry "LAT"]

1. d4 e6 2. Bf4 d5 3. e3 Bd6 4. Bxd6 Qxd6 5. Qg4 g6 6. Nd2 c5 7. c3 Nc6 8. f4 Bd7 9. Qg3 a6 10. Ngf3 Nge7 11. Bd3 b5 12. Ne5 f6 13. Nxd7 Kxd7 14. dxc5 Qxc5 15. 0-0 Nf5 16. Bxf5 gxf5 17. Nb3 Qe7 18. Rfd1 Rhg8 19. Qf3 Kc7 20. a4 Rgb8 21. Nd4 Nxd4 22. Rxd4 bxa4 23. Qe2 Rb6 24. Rdxa4 Qc5 25. Kf2 Rab8 26. R1a2 Qb5 27. Qh5 Qd7 28. b4 Kb7 29. Qe2 Qc6 30. Rxa6 Rxa6 31. b5 Qxc3 32. Rxa6 Rc8 33. Rxe6 Qb3 34. Qf3 Qxb5 35. Kg3 Qd7 36. Rxf6 Qg7+ 37. Kh3 Qxf6 38. Qxd5+ Rc6 39. Qb5+ Kc8 40. Qd3 Rc3 41. Qd2 Qh6+ 42. Kg3 Qg6+ 43. Kf3 Qc6+ 44. Kg3 Rc2 45. Qd4 Qxg2+ 46. Kh4 Qg4# 0-1

[Event "Chennai op 9th"]
[Site "Chennai"]
[Date "2017.01.21"]
[Round "4"]
[White "Chakravarthi, YVK"]
[Black "Harsh, Suresh"]
[Result "1/2-1/2"]
[WhiteElo "2047"]
[BlackElo "1557"]
[PlyCount "37"]
[EventDate "2017.01.18"]
[EventType "swiss"]
[EventRounds "10"]
[EventCountry "IND"]
[SourceTitle "CBM 176 Extra"]
[Source "ChessBase"]
[SourceDate "2017.03.02"]
[SourceVersion "1"]
[SourceVersionDate "2017.03.02"]
[SourceQuality "1"]

1. d4 d5 2. Bf4 Nf6 3. e3 e6 4. Nd2 Nbd7 5. Ngf3 c6 6. Bd3 Be7 7. Ne5 0-0 8. h4 Nxe5 9. dxe5 Nd7 10. Bxh7+ Kxh7 11. Qh5+ Kg8 12. Nf3 f6 13. Ng5 fxg5 14. hxg5 Bxg5 15. Qh7+ Kf7 16. Qh5+ Kg8 17. Qh8+ Kf7 18. Qh5+ Kg8 19. Qh7+ 1/2-1/2

[Event "Chennai op 9th"]
[Site "Chennai"]
[Date "2017.01.19"]
[Round "2"]
[White "Chakravarthi, YVK"]
[Black "David, Alberto"]
[Result "0-1"]
[WhiteElo "2047"]
[BlackElo "2569"]
[PlyCount "78"]
[EventDate "2017.01.18"]
[EventType "swiss"]
[EventRounds "10"]
[EventCountry "IND"]
[SourceTitle "CBM 176 Extra"]
[Source "ChessBase"]
[SourceDate "2017.03.02"]
[SourceVersion "1"]
[SourceVersionDate "2017.03.02"]
[SourceQuality "1"]

1. d4 Nf6 2. Bf4 b6 3. e3 Bb7 4. Nf3 g6 5. Be2 Bg7 6. 0-0 0-0 7. h3 c5 8. c3 d6 9. a4 a6 10. Nbd2 Nbd7 11. Qb1 cxd4 12. cxd4 Nd5 13. Bh2 Nb4 14. Nc4 Rc8 15. Rc1 Nf6 16. Nfd2 Bh6 17. a5 b5 18. Nb6 Rxc1+ 19. Qxc1 Nd7 20. Qc3 Nxb6 21. Qxb4 Nd5 22. Qb3 Nf6 23. f3 Qc7 24. Kf2 Rc8 25. Bd3 e5 26. dxe5 dxe5 27. Ke2 Qe7 28. Ne4 Nd5 29. Bg1 Qe6 30. Nd2 Bf8 31. Bh2 Qe7 32. Ne4 Nb4 33. Nf2 Bd5 34. Qd1 Rd8 35. Ra3 Bc4 36. Rc3 Nxd3 37. Nxd3 e4 38. fxe4 Qxe4 39. Rxc4 Qxg2+ 0-1

[Event "New Delhi Parsvnath op 15th"]
[Site "New Delhi"]
[Date "2017.01.09"]
[Round "1"]
[White "Chakravarthi, YVK"]
[Black "Movsziszian, Karen"]
[Result "0-1"]
[WhiteElo "2047"]
[BlackElo "2507"]
[PlyCount "74"]
[EventDate "2017.01.09"]
[EventType "swiss"]
[EventRounds "10"]
[EventCountry "IND"]
[SourceTitle "CBM 176 Extra"]
[Source "ChessBase"]
[SourceDate "2017.03.02"]
[SourceVersion "1"]
[SourceVersionDate "2017.03.02"]
[SourceQuality "1"]

1. d4 d6 2. Bf4 g6 3. e3 Bg7 4. Nf3 Nd7 5. h3 e5 6. Bh2 Nh6 7. Be2 0-0 8. 0-0 f5 9. c4 g5 10. dxe5 dxe5 11. Qd5+ Nf7 12. Rd1 c6 13. Qd2 Qe7 14. Nc3 h5 15. Kh1 g4 16. Ng1 Nf6 17. h4 Be6 18. Qe1 Nd7 19. f4 Nb6 20. e4 Bf6 21. exf5 Bxf5 22. Bd3 Bxd3 23. Rxd3 exf4 24. Qxe7 Bxe7 25. Bxf4 Nxc4 26. b3 Nce5 27. Re3 Ng6 28. Re6 Kg7 29. Be3 Bf6 30. Rc1 Nxh4 31. Ne4 Rae8 32. Rxe8 Rxe8 33. Nxf6 Rxe3 34. Nxh5+ Kg6 35. Nf4+ Kg5 36. Nfe2 Nf5 37. Rc5 N7d6 0-1

[Event "New Delhi Parsvnath op 13th"]
[Site "New Delhi"]
[Date "2015.01.12"]
[Round "5"]
[White "Rajesh, VAV"]
[Black "Chakravarthi, YVK"]
[Result "1-0"]
[WhiteElo "2397"]
[BlackElo "2062"]
[PlyCount "99"]
[EventDate "2015.01.09"]
[EventType "tourn"]
[EventRounds "10"]
[EventCountry "IND"]
[SourceTitle "CBM 164 Extra"]
[Source "ChessBase"]
[SourceDate "2015.03.02"]
[SourceVersion "1"]
[SourceVersionDate "2015.03.02"]
[SourceQuality "1"]

1. b3 d5 2. Bb2 c5 3. e3 Nc6 4. Bb5 Qb6 5. Qe2 Bf5 6. Nc3 e6 7. Nf3 a6 8. Bxc6+ Qxc6 9. e4 dxe4 10. Ne5 Qc7 11. Nxe4 f6 12. Nf3 Qc6 13. d3 Bxe4 14. dxe4 Nh6 15. 0-0 Be7 16. a4 0-0 17. a5 Nf7 18. Nd2 Bd8 19. Nc4 Bc7 20. Qg4 Nh6 21. Qh4 Rad8 22. Rfe1 Rd7 23. e5 f5 24. Bc1 Nf7 25. f4 Bd8 26. Qf2 Be7 27. Be3 Rfd8 28. Nb6 Rc7 29. Rad1 Qb5 30. Ra1 Qc6 31. Red1 Qe4 32. Rxd8+ Nxd8 33. Ra4 Qc6 34. Qf3 Qxf3 35. gxf3 Nc6 36. c3 Na7 37. Kf2 Nb5 38. Bd2 Na7 39. Ke2 Nc8 40. Nc4 Rd7 41. Be3 Na7 42. Ra1 Nb5 43. Rc1 Rd8 44. Nb6 Na7 45. Na4 Rc8 46. b4 Nc6 47. Bxc5 Bd8 48. Rd1 g5 49. Rd7 gxf4 50. Bd6 1-0